Language and national identity in Greece, 1766-1976 / (رقم التسجيلة. 19441)

تفاصيل مارك
000 -الفاتح
حقل البيانات ثابتة الطول 01021cam a2200301 a 4500
001 - رقم الضبط
رقم الضبط 014848591
003 - محدد رقم الضبط
رقم الضبط OSt
005 - وقت وتاريخ اخر تعامل مع التسجيلة
رقم الضبط 20150408113955.0
008 - عناصر البيانات ثابتة الطول - معلومات عامة
حقل البيانات ثابتة الطول 111208s2009 enkab b s001 0 eng d
010 ## - رقم ضبط مكتبة الكونجرس
رقم ضبط مكتبة الكونجرس 2008041406
020 ## - الرقم الدولى المعيارى للكتب
الرقم الدولى المعيارى للكتاب 9780199599059
040 ## - مصدر الفهرسة
وكالة الفهرسة الأصلية StDuBDS
لغة الفهرسة eng
وكالة النسخ mu
وكالة التعديل Uk
042 ## - رمز التحقق
رمز التحقق ukscp
043 ## - رمز المنطقة الجغرافية
رمز المنطقة الجغرافية e-gr---
082 04 - رقم تصنيف ديوى العشرى
رقم التصنيف 306.44949509 M P L
رقم الطبعة 22
100 1# - المدخل الرئيسى - إسم شخصى
الإسم الشخصى Mackridge, Peter.
9 (RLIN) 7332
245 10 - بيان العنوان
العنوان Language and national identity in Greece, 1766-1976 /
بيان المسئوليه,etc Peter Mackridge.
260 ## - PUBLICATION, DISTRIBUTION, ETC. (IMPRINT)
مكان الناشر او الموزع Oxford :
اسم الناشر او الموزع Oxford University Press,
تاريخ النشر أو التوزيع 2009.
300 ## - الوصف المادى
التعداد xiv, 385 p. :
تفاصيل ماديه اخرى للوعاء ill., maps ;
أبعاد الوعاء 24 cm.
504 ## - تبصرة ببليوجرافية
تبصرة ببليوجرافية,الخ Includes bibliographical references (p. [339]-369) and index.
650 #0 - المدخل الاضافى بالموضوع-مصطلح موضوعى
مصطلح موضوعي أو اسم جغرافي كعنصر مدخل Greek language, Modern
التقسيم الفرعي العام Political aspects
-- History.
9 (RLIN) 7333
650 #0 - المدخل الاضافى بالموضوع-مصطلح موضوعى
مصطلح موضوعي أو اسم جغرافي كعنصر مدخل Language policy
التقسيم الفرعي الجغرافي Greece.
9 (RLIN) 7334
650 #0 - المدخل الاضافى بالموضوع-مصطلح موضوعى
مصطلح موضوعي أو اسم جغرافي كعنصر مدخل Nationalism
التقسيم الفرعي الجغرافي Greece
التقسيم الفرعي العام History.
9 (RLIN) 7335
690 7# - رأس موضوع محلى(OCLC, RLIN)
مصطلح موضوعي أو اسم جغرافي كعنصر مدخل Social Welfare
مصدر الرأس أو المصطلح blcoll
9 (RLIN) 7336
942 ## - عناصر المدخل الإضافي( كوها)
مصدر التصنيف او مخطط الترفيف Dewey Decimal Classification
Koha [default] item type DVD
المقتنيات
حالة الفقد نموذج السعر الفعال حالة تلف ليس للاعارة رقم الطلب رقم النسخة تاريخ الاكتساب الموقع الحالي الباركود الفرع الرئيسي Date last seen نوع المادة فى نظام كوها مصدر التصنيف او خطة الترفيف Total Checkouts
  2013-03-10     306.44949509 M P L n 1 2011-12-08 قسم الاجراءات الفنية (IC) 00101049 قسم الاجراءات الفنية (IC) 2013-03-10 كتاب Dewey Decimal Classification  
  2013-03-10     306.44949509 M P L n 2 2011-12-08 قسم الاجراءات الفنية (IC) 00101050 قسم الاجراءات الفنية (IC) 2013-03-10 كتاب Dewey Decimal Classification